Oxford basic English dictionary

Oxford Basic Dictionary gives all the essential help and information elementary and pre-intermediate learners need. It includes over 19,200 words, phrases and meanings and identifies the 2,000 most important words in English so students know which words to learn first.

Đã lưu trong:
書目詳細資料
格式: 圖書
語言:Undetermined
出版: Oxford Oxford University Press 2012
主題:
標簽: 添加標簽
沒有標簽, 成為第一個標記此記錄!
Thư viện lưu trữ: Trung tâm Học liệu Trường Đại học Cần Thơ
LEADER 00736nam a2200181Ia 4500
001 CTU_226397
008 210402s9999 xx 000 0 und d
020 |c 119000 
082 |a 423 
082 |b O.98 
245 0 |a Oxford basic English dictionary 
260 |a Oxford 
260 |b Oxford University Press 
260 |c 2012 
520 |a Oxford Basic Dictionary gives all the essential help and information elementary and pre-intermediate learners need. It includes over 19,200 words, phrases and meanings and identifies the 2,000 most important words in English so students know which words to learn first. 
650 |a English language,Tiếng Anh 
910 |b nthai 
980 |a Trung tâm Học liệu Trường Đại học Cần Thơ